000 02090nab a2200313 a 4500
005 20250617091438.0
008 991125c2015 cr qr p o 000 0 spa d
035 _aUPN01000209705
040 _aMX-MxUPN
_bspa
_cMX-MxUPN
_eaacr2
049 _aART-E
100 1 _aLaudadío, Julieta
100 1 _ujulietalaudadio@gmail.com
100 1 _aMazzitelli, Claudia A.
100 1 _umazzitel@ffha.unsj.edu.ar
100 1 _aGuirado, Ana María
100 1 _uaguirado@ffha.unsj.edu.ar
245 1 0 _aRepresentaciones de docentes de ciencias naturales: punto de partida para la reflexión de la práctica
506 0 _aAcceso abierto
520 3 _aEn este artículo se presentan algunos resultados de un proceso investigativo realizado en la provincia de San Juan de Argentina, en el cual se indagaron las representaciones sociales (RS) de un grupo de profesores de Ciencias Naturales en el marco de un taller de educación continua. Para la recopilación de la información se utilizaron: encue stas, observaciones no participantes en el aula, entrevistas individuales y cuestionarios aplicados a los docentes, así como grupos focales en los que se trabajó en la reflexión de los resultados preliminares. En este sentido, se expone el análisis de los resultados obtenidos, los cuales evidenciaron, por un lado, la coherencia entre la realidad del quehacer docente y lo que ellos piensan que hacen y por otro, la necesidad de favorecer la reflexión para que ellos puedan establecer relación entre pensamiento y práctica y de esta forma, evidenciar diferencias e incoherencias, lo cual contribuiría a fortalecer el proceso educativo de las Ciencias Naturales.
650 4 _aRepresentaciones sociales
_915877
650 4 _aPrácticas de la enseñanza
_92849
650 4 _aCiencias naturales
_910146
653 0 5 _aArgentina
773 _gVol. 15, no. 3 (2015), p. 1-23
_tActualidades investigativas en educación
_x1409-4703
856 4 _uhttps://www.redalyc.org/journal/447/44741347008/html/
902 _aGloria Jiménez/170625
905 _aArticulo
942 _cART-E
999 _c181806
_d181806